| 000 | 01152nam a2200313 4500 | ||
|---|---|---|---|
| 001 | 178781 | ||
| 003 | ES-MaACL | ||
| 005 | 20250809044937.0 | ||
| 008 | 110627s2009 sp |||| |dspa d | ||
| 020 | _a978-84-460-3096-6 | ||
| 080 | _a323.172 | ||
| 080 | _a323.172(460) | ||
| 100 | 1 |
_aPi y Margall, Francisco, _d1824-1901 _991732 |
|
| 245 | 1 | 4 |
_aLas nacionalidades _b: escritos y discursos sobre federalismo / _cFrancisco Pi i Margall ; edición y estudio introductorio de Ramón Máiz. |
| 260 |
_aTres Cantos, Madrid : _bAkal, _c[2009] |
||
| 300 |
_a711 p. ; _c18 cm. |
||
| 490 | 1 |
_aAkal básica de bolsillo ; _v193 |
|
| 490 | 1 | _aClásicos del pensamiento político | |
| 504 | _aReferencias bibliográficas. | ||
| 650 | 0 | 4 |
_aFederalismo _912738 |
| 650 | 0 | 4 |
_aFederalismo- _zEspaña- _yS.XIX _912740 |
| 700 | 1 |
_aMáiz Suárez, Ramón. _975636 |
|
| 830 | 1 | 0 |
_aAkal básica de bolsillo _v193 _9223291 |
| 830 | 1 |
_aClásicos del pensamiento político _9224323 |
|
| 852 |
_aES-MaACL _jA-11305 _9185642 _bR.145636 _cDEPO1 _dOlim: N-4309 |
||
| 942 |
_2udc _cMONOGRAFIA |
||
| 999 |
_c178781 _d178781 |
||